¿Quién se acuerda del crecimiento? (Registro nro. 18107)

Detalles MARC
000 -LEADER
fixed length control field 00356 a2200121 4500
001 - CONTROL NUMBER
control field ART_12884
005 - DATE AND TIME OF LATEST TRANSACTION
control field 20260410161734.0
008 - FIXED-LENGTH DATA ELEMENTS--GENERAL INFORMATION
fixed length control field 260409a
100 1# - MAIN ENTRY--PERSONAL NAME
Personal name Expósito, David
245 10 - TITLE STATEMENT
Title ¿Quién se acuerda del crecimiento?
700 1# - ADDED ENTRY--PERSONAL NAME
Personal name Szewach, Enrique
773 0# - HOST ITEM ENTRY
Title Ejecutivos de finanzas
Related parts - Año 6, Nº 51 (nov. 1988)
Record control number REV2863

No hay ítems disponibles.